| 000 | 00393nam a2200157Ia 4500 | ||
|---|---|---|---|
| 003 | GCL | ||
| 008 | 140319s9999 xx 000 0 eng d | ||
| 040 |
_aGCL / _cGCL |
||
| 082 | 0 | 4 |
_a709 _bH S |
| 100 | 1 | _aHAUSER, ARNOLD | |
| 245 | 1 | 0 |
_aTHE SOCIAL HISTORY OF ART / _cHAUSER, ARNOLD |
| 260 |
_a[S.N] : _bVINTAGE BOOKS ، _c1961 |
||
| 650 | 0 | 4 | _aARTS |
| 650 | 0 | 4 | _aART, HISTORY |
| 942 |
_2ddc _cBK |
||
| 999 |
_c19733 _d19733 |
||